Matematika 1 /

Guardado en:
Detalles Bibliográficos
Autor principal: Ivan, Ján (Autor)
Formato: Libro
Lenguaje:eslovaco
Publicado: Bratislava : Alfa, 1989
Edición:3.vyd.
Etiquetas: Agregar Etiqueta
Sin Etiquetas, Sea el primero en etiquetar este registro!

MARC

LEADER 00000nam a22000003a 4500
001 stu2183
005 20150617225619.2
008 920729s1989----cs------------------slo-d
040 |a STU  |b slo 
041 0 |a slo 
044 |a cs 
080 |a 51(075.8) 
100 1 |a Ivan, Ján  |4 aut 
245 1 |a Matematika 1 /  |c [aut.] Ivan,J 
250 |a 3.vyd. 
260 |a Bratislava :  |b Alfa,  |c 1989 
300 |a 704 s 
996 |b E69703  |c E*69703  |l EE03  |s P  |a 0  |w stu2183_0001 
996 |b E69704  |c E*69704  |l EE03  |s P  |a 0  |w stu2183_0002 
996 |b E69742  |c E*69742  |l EE16  |s P  |a 0  |w stu2183_0003